00327nam a2200133Ia 4500003000400000008004100004082001500045100002500060245005900085250000800144260002500152300000800177650000800185OSt191201s2008 xx 000 0 und d a658.3bTHC aTHEOGARAJ, Laurainne 0aChanging Dynamics Of Human Relationships In Workplaces a1st aHyderabadbIUPc2008 a226 aMBA